Criminología / (Record no. 33999)
[ view plain ]
| 000 -LEADER | |
|---|---|
| fixed length control field | 00595nam a22001937a 4500 |
| 005 - DATE AND TIME OF LATEST TRANSACTION | |
| control field | 20150124123929.0 |
| 008 - FIXED-LENGTH DATA ELEMENTS--GENERAL INFORMATION | |
| fixed length control field | 121022t ck||||| |||| 00| 0 spa d |
| 020 ## - INTERNATIONAL STANDARD BOOK NUMBER | |
| International Standard Book Number | 9583504335 |
| 050 04 - LIBRARY OF CONGRESS CALL NUMBER | |
| Classification number | HV6901 |
| Item number | R49 2003 |
| 100 1# - MAIN ENTRY--PERSONAL NAME | |
| Personal name | Reyes Echandía, Alfonso |
| 245 10 - TITLE STATEMENT | |
| Title | Criminología / |
| Statement of responsibility, etc | Alfonso Reyes Echandía |
| 250 ## - EDITION STATEMENT | |
| Edition statement | 8a ed. |
| 260 ## - PUBLICATION, DISTRIBUTION, ETC. (IMPRINT) | |
| Place of publication, distribution, etc | Bogotá, Colombia : |
| Name of publisher, distributor, etc | Editorial Temis, |
| Date of publication, distribution, etc | r2003 |
| 300 ## - PHYSICAL DESCRIPTION | |
| Extent | xvii, 360 p. ; |
| Dimensions | 23 cm. |
| 504 ## - BIBLIOGRAPHY, ETC. NOTE | |
| Bibliography, etc | Bibliografía : p. 338-345 e índices |
| 650 #7 - SUBJECT ADDED ENTRY--TOPICAL TERM | |
| Source of heading or term | LEMB |
| Topical term or geographic name as entry element | Criminología |
| Geographic subdivision | Colombia |
| 650 #7 - SUBJECT ADDED ENTRY--TOPICAL TERM | |
| Source of heading or term | LEMB |
| Topical term or geographic name as entry element | Psicología criminal |
| Geographic subdivision | Colombia |
| 942 ## - ADDED ENTRY ELEMENTS (KOHA) | |
| Source of classification or shelving scheme | Biblioteca del Cogreso de los Estados Unidos |
| Koha item type | Libro |
| Estado de pérdida | Fuente de clasificación | Estado del daño | No para préstamo | Ubicación permanente | Ubicación actual | Apartado o colección | Fecha de adquisición | Fuente de adquisición | Área del conocimiento | Clasificación | Código de Barras | Date last seen | Número de copia | Tipo de recurso | Nota pública |
|---|---|---|---|---|---|---|---|---|---|---|---|---|---|---|---|
| Biblioteca del Cogreso de los Estados Unidos | Biblioteca Campus Lázaro Cardenas | Biblioteca Campus Lázaro Cardenas | General | 22/10/2012 | HV6901 R49 r2003 | BCLC000000557 | 16/01/2015 | 1 | Libro | 4a. reimpresión | |||||
| Biblioteca del Cogreso de los Estados Unidos | Biblioteca Campus Lázaro Cardenas | Biblioteca Campus Lázaro Cardenas | General | 08/11/2012 | HV6901 R49 r2003 | BCLC000001160 | 08/11/2012 | 2 | Libro | 4a. reimpresión | |||||
| Biblioteca del Cogreso de los Estados Unidos | Biblioteca Campus Lázaro Cardenas | Biblioteca Campus Lázaro Cardenas | General | 08/11/2012 | HV6901 R49 r2003 | BCLC000001161 | 08/11/2012 | 3 | Libro | 4a. reimpresión |